Hành vi văn hóa học đường của sinh viên Trường Đại học Sư phạm - Đại học Đà Nẵng

Enregistré dans:
Détails bibliographiques
Auteur principal: Đặng, Lai Thao
Autres auteurs: Hoàng, Thế Hải (hướng dẫn)
Format: Livre
Langue:Vietnamese
Publié: Đà Nẵng Trường Đại học Sư phạm 2012
Sujets:
Tags: Ajouter un tag
Pas de tags, Soyez le premier à ajouter un tag!
Thư viện lưu trữ: Mạng thư viện Đại học Đà Nẵng
LEADER 01564nam a2200361 4500
001 000016922
003 13332
005 20130111150112.0
008 130111s2012 viesd
041 |a vie 
082 1 4 |a 371.81  |b ĐĂ-T 
100 1 |a Đặng, Lai Thao 
245 1 0 |a Hành vi văn hóa học đường của sinh viên Trường Đại học Sư phạm - Đại học Đà Nẵng  |c Đặng Lai Thao, Nguyễn Thị Thu Hằng ; Hoàng Thế Hải hướng dẫn  |k Báo cáo khoa học 
260 |a Đà Nẵng  |b Trường Đại học Sư phạm  |c 2012 
300 |a 41 tr., 15  |c 29 cm. 
500 |a Công trình tham gia hội nghị sinh viên nghiên cứu khoa học Trường Đại học Sư phạm năm 2012. Khoa Tâm lý giáo dục 
650 0 4 |a Hành vi văn hóa  |v Báo cáo khoa học  |x Sinh viên 
650 0 4 |a Văn hóa học đường  |x Nghiên cứu  |x Sinh viên 
653 |a Nghiên cứu khoa học 
653 |a Giáo dục đại học 
700 1 |a Đặng, Lai Thao 
700 1 |a Hoàng, Thế Hải  |e hướng dẫn 
OWN |a LSP 
AVA |a UDN50  |b LSP  |d 371.81 ĐĂ-T  |e available  |t Error 5001 Not defined in file expand_doc_bib_avail.  |f 1  |g 0  |h N  |i 0  |k 1 
999 |a From the UDN01 
AVA |a UDN50  |b LSP  |d 371.81 ĐĂ-T  |e available  |t Error 5001 Not defined in file expand_doc_bib_avail.  |f 1  |g 0  |h N  |i 0  |k 1 
TYP |a Mixed Materials 
TYP |a Monograph 
TYP |a Printed language 
980 |a Mạng thư viện Đại học Đà Nẵng